|
|
|
|
| LEADER |
01036nam a2200265 a 4500 |
| 001 |
11206602 |
| 008 |
090803s1979 cau 0 a0eng d |
| 010 |
|
|
|a 77090889
|
| 040 |
|
|
|a DLC
|c DLC
|d NSDP
|d DLC
|d NST
|d DLC
|d OCoLC
|d OCoLC
|
| 082 |
0 |
|
|a 915/.04/42
|
| 245 |
0 |
4 |
|a The On-your-own guide to Asia /
|c edited by Alison Davis
|
| 260 |
|
|
|a Stanford, Calif.,
|b Volunteers in Asia, Inc.
|
| 300 |
|
|
|a 347 p..
|b ill.
|c 18 cm.
|
| 500 |
|
|
|a "The Budget handbook to East & Southeast Asia."
|
| 504 |
|
|
|a Includes bibliography (p.347.)
|
| 505 |
|
|
|a 1979/80 revised ed.
|
| 541 |
1 |
|
|e 00004567
|
| 651 |
|
0 |
|a Southeast Asia
|v Guidebooks.
|
| 651 |
|
0 |
|a East Asia
|v Guidebooks.
|
| 700 |
1 |
|
|a Davis, Alison.
|
| 710 |
2 |
|
|a Volunteers in Asia, inc.
|
| 710 |
2 |
|
|a Charles E. Tuttle Co.
|
| 852 |
4 |
|
|a Ayesha Abed Library
|j General shelf
|
| 999 |
|
|
|c 3015
|d 3015
|
| 952 |
|
|
|0 0
|1 0
|2 ddc
|4 0
|6 915_044200000000000_GUI
|7 0
|9 2730
|a BRACUL
|b BRACUL
|c GEN
|d 2009-08-18
|g 0.00
|l 0
|o 915.0442 GUI
|p 3010004567
|r 2009-08-18
|t 1
|w 2009-08-18
|y BK
|x No price found in the accession register.
|